| 000 | 00913nac a22002411u 4500 | ||
|---|---|---|---|
| 010 | _a 98049138 | ||
| 020 | _a0262161818 (hc : alk. paper) | ||
| 082 | 0 | 0 |
_a006.3 _bPFE |
| 090 |
_c9588 _d9588 |
||
| 100 | _aPfeifer, Rolf, | ||
| 245 | 1 | 0 |
_aUnderstanding intelligence / _cRolf Pfeifer and Christian Scheier ; with figures by Alex Riegler and cartoons by Isabelle Follath. |
| 260 |
_aCambridge, Mass. : _bMIT Press, _cc1999. |
||
| 300 |
_axx, 697 p. : _bill. ; _c26 cm. |
||
| 500 | _aDistributer: Baccah. | ||
| 504 | _aIncludes bibliographical references (p. [659]-675) and indexes. | ||
| 511 | _aCatalogued By: Mahitab. | ||
| 650 | 0 | _aArtificial intelligence. | |
| 650 | 0 | _aCognitive science. | |
| 650 | 0 | _aExpert systems (Computer science) | |
| 700 | 1 | _aScheier, Christian. | |
| 942 |
_cBB _k006.3PFE |
||
| 999 |
_c9588 _d9588 |
||